Responses for Show #3503 - Wednesday, November 24, 1999

Contestants

[<< previous game]

Tracy Burrell, a computer help desk manager from Mystic, Connecticut

Karen Golojuch, a sign language interpreter from Arlington, Virginia

Dave Adler, an astronomer from Columbia, Maryland (whose 1-day cash winnings total $5,500)

[next game >>]

Jeopardy! Round responses

FAMOUS ART
HOLIDAYS & OBSERVANCES
SUPERSTITIONS
GAME SHOW HOSTS
'MEMBER NOVEMBER?
STARTS WITH "KN"
    $100 1
James M. Whistler

Dave
    $100 6
Massachusetts

Dave
    $100 21
(Dave: What is swear?)

lie

DaveTracy
    $100 11
Richard Dawson

Karen
    $100 26
Princeton

Karen
    $100 16
the knee

Dave
    $200 2
Toulouse-Lautrec

Tracy
    $200 7
World War I

Dave
    $200 22
Lips

Dave
    $200 12
Bob Barker

Dave
    $200 27
(Dave: What is the Emancipation Proclamation?)

the Gettysburg Address

DaveKaren
    $200 17
(Dave: What is the jack?)
(Karen: What is the knight?)

a knave

DaveKaren
Triple Stumper
    $300 3
(Tracy: Who was Gauguin?)

Vincent van Gogh

KarenTracy
    $300 8
Palm Sunday

Tracy
    $300 23
Friday the 13th

Tracy
    $300 13
(Dave: Who was Rayburn?)

Peter Marshall

DaveKaren
    $300 28
Indira Gandhi

Karen
    $300 18
a knapsack

Dave
    $400 4
Mary Cassatt

Karen
    $400 9
Arbor Day

Karen
    $400 24
iron

Triple Stumper
    $400 14
Bob Eubanks

Dave
    $400 29
Kaiser Wilhelm II

Karen
    $400 19
Knoxville

Dave
    $500 5
spring

Tracy
    $600 10
Colombia

Karen
    $500 25
(Alex: And she was, for her part in the Lincoln assassination.)

You will be hanged

Triple Stumper
    $500 15
Allen Ludden

Karen
    $500 30
Bolsheviks

Tracy
    $500 20
Knute (Rockne)

Tracy

Scores at the first commercial break (after clue 15):

Dave Karen Tracy
$700 $2,600 $700

Scores at the end of the Jeopardy! Round:

Dave Karen Tracy
$1,200 $3,400 $2,100

Double Jeopardy! Round responses

FAMOUS ARTS
THE ALPS
HEY, HEY WE'RE THE MAORIS!
20th CENTURY NOVELS
TV DETECTIVES
"IN" WORDS
    $200 6
Art Garfunkel

Karen
    $200 11
skiing

Dave
    $200 21
gods/deities

Dave
    $200 16
Kurt Vonnegut

Tracy
    $200 1
Scooby-Doo

Tracy
    $200 22
the Cabinet

Tracy
    $400 7
Art Carney

Dave
    $400 12
(Tracy: What is Switzerland?)
(Dave: What is the Czech Republic?)

Italy

DaveTracy
Triple Stumper
    $400 27
(Dave: What is 40?)

14 percent

DaveTracy
    $400 17
(Tracy: What is "Tropic of Capricorn?")

Tropic of Cancer

KarenTracy
    $400 2
Murder, She Wrote

Dave
    $400 23
finch

Tracy
    $600 8
Art Linkletter

Dave
    $600 13
(Tracy: What is banking?)

tourism

DaveTracy
    $600 28
Polynesians

Tracy
    $600 18
(Tracy: What is World War I?)
(Dave: What is the Spanish-American War?)

the Spanish Civil War

DaveTracy
Triple Stumper
    $600 3
Cybill Shepherd & Bruce Willis

Tracy
    $600 24
Jar Jar Binks

Tracy
    $800 9
Art Blakey

Karen
    $800 14
lakes

Dave
    $500 29
(Tracy: I don't know.)

Abel Tasman

Tracy
    $800 19
(Tracy: Who was Malamud?)

Isaac Bashevis Singer

Tracy
Triple Stumper
    $800 4
Dick Van Dyke

Tracy
    $800 25
divinity

Tracy
    $1000 10
Art Spiegelman

Triple Stumper
    $1000 15
Alpine ibex

Triple Stumper
    $1000 30
Kiri Te Kanawa

Karen
    $1000 20
Advise and Consent

Tracy
    $1000 5
Father Dowling

Tracy
    $1,000 26
Sardinia

Tracy

Scores at the end of the Double Jeopardy! Round:

Dave Karen Tracy
$3,000 $5,800 $6,600

[wagering suggestions for these scores]

Final Jeopardy! Round responses

PUBLICATIONS
DaveWhat is the Saturday Evening Review?
$2,801
KarenWhat is the Christian Science Monitor?
$0
TracyWhat is Christian Scien
$5,001
The Saturday Evening Post

Final scores:

Dave Karen Tracy
$199 $5,800 $1,599
3rd place: Meade ETX Telescope New champion: $5,800 2nd place: Sony Home Entertainment System featuring WebTV

Game dynamics:

Coryat scores:

Dave Karen Tracy
$3,000 $5,700 $7,100
16 R,
7 W
15 R
(including 1 DD),
1 W
20 R
(including 1 DD),
7 W
(including 1 DD)

Combined Coryat: $15,800

[game clues] [game scores] [suggest correction]

Game tape date: 1999-08-24
The J! Archive is created by fans, for fans. Scraping, republication, monetization, and malicious use prohibited; this site may use cookies and collect identifying information. See terms. The Jeopardy! game show and all elements thereof, including but not limited to copyright and trademark thereto, are the property of Jeopardy Productions, Inc. and are protected under law. This website is not affiliated with, sponsored by, or operated by Jeopardy Productions, Inc. Join the discussion at JBoard.tv.